=LDR 00000nam 2200000 4500 =001 INLIS000000000022251 =005 20130612121028 =008 ***********************************Ind** =035 ##$$0010-061300000022251 =041 ##$$a Ind =082 ##$$a 591.9 =090 ##$$a 591.9, Sya l =100 ##$$a Syahru, Firman =245 ##$$a Lokan Air Tawar, Salah Satu Sumber Protein hewani yang terlupakan, Firman Syahru =260 ##$$a 1991 $b Jakarta =300 ##$$a 72 hlm, ilus, 21 cm =650 ##$$a Binatang Air Tawar =850 ##$$a NBPNMAT